Detalles MARC
| 000 -CABECERA |
| campo de control de longitud fija |
01152nam a22002897a 4500 |
| 003 - IDENTIFICADOR DEL NÚMERO DE CONTROL |
| campo de control |
DO-SdBNP |
| 005 - FECHA Y HORA DE LA ÚLTIMA TRANSACCIÓN |
| campo de control |
20220915110906.0 |
| 007 - CAMPO FIJO DE DESCRIPCIÓN FÍSICA--INFORMACIÓN GENERAL |
| campo de control de longitud fija |
ta |
| 008 - DATOS DE LONGITUD FIJA--INFORMACIÓN GENERAL |
| campo de control de longitud fija |
110301s201u dr bd s 000 0 spa d |
| 040 ## - FUENTE DE LA CATALOGACIÓN |
| Centro catalogador/agencia de origen |
DO-SdBNP |
| Lengua de catalogación |
spa |
| Centro/agencia transcriptor |
BNPHU |
| 082 #4 - NÚMERO DE LA CLASIFICACIÓN DECIMAL DEWEY |
| Número de clasificación |
338.4791 |
| Número de documento/Ítem |
R426d |
| 110 1# - ENTRADA PRINCIPAL--NOMBRE DE ENTIDAD CORPORATIVA |
| Nombre de entidad corporativa o nombre de jurisdicción como elemento de entrada |
Asociación Dominicana de Constructores y Promotores de Viviendas (ACOPROVI) |
| 9 (RLIN) |
82375 |
| 245 10 - MENCIÓN DE TÍTULO |
| Título |
República Dominicana : |
| Resto del título |
destino óptimo para el mercado de retirados, estudio exploratorio / |
| Mención de responsabilidad, etc. |
presentación Héctor Bretón S., Joel Santos |
| 260 ## - PUBLICACIÓN, DISTRIBUCIÓN, ETC. |
| Lugar de publicación, distribución, etc. |
Santo Domingo : |
| Nombre del editor, distribuidor, etc. |
ACOPROVI, |
| -- |
ASONAHORES, |
| Fecha de publicación, distribución, etc. |
[201?]. |
| 300 ## - DESCRIPCIÓN FÍSICA |
| Extensión |
75 p. : |
| Otras características físicas |
map., graf. |
| Dimensiones |
28 cm. |
| 500 ## - NOTA GENERAL |
| Nota general |
Estudio exploratorio. |
| 590 ## - NOTA LOCAL (RLIN) |
| Nota local |
Inventariado, 2022/ YL |
| 650 #4 - PUNTO DE ACCESO ADICIONAL DE MATERIA--TÉRMINO DE MATERIA |
| Término de materia o nombre geográfico como elemento de entrada |
Viviendas |
| Subdivisión general |
Aspectos económicos |
| 9 (RLIN) |
82376 |
| 650 #4 - PUNTO DE ACCESO ADICIONAL DE MATERIA--TÉRMINO DE MATERIA |
| Término de materia o nombre geográfico como elemento de entrada |
Edificios de apartamentos |
| Subdivisión general |
Aspectos económicos |
| 9 (RLIN) |
82377 |
| 650 #4 - PUNTO DE ACCESO ADICIONAL DE MATERIA--TÉRMINO DE MATERIA |
| Término de materia o nombre geográfico como elemento de entrada |
Jubilación |
| Subdivisión general |
Aspectos económicos |
| 9 (RLIN) |
82378 |
| 650 #4 - PUNTO DE ACCESO ADICIONAL DE MATERIA--TÉRMINO DE MATERIA |
| Término de materia o nombre geográfico como elemento de entrada |
Turismo |
| Subdivisión general |
República Dominicana |
| 9 (RLIN) |
82379 |
| 700 12 - PUNTO DE ACCESO ADICIONAL--NOMBRE DE PERSONA |
| Nombre de persona |
Bretón S., Héctor |
| Término indicativo de función/relación |
pres. |
| 9 (RLIN) |
82380 |
| 700 12 - PUNTO DE ACCESO ADICIONAL--NOMBRE DE PERSONA |
| Nombre de persona |
Santos, Joel |
| Término indicativo de función/relación |
pres. |
| 9 (RLIN) |
82381 |
| 710 ## - PUNTO DE ACCESO ADICIONAL--NOMBRE DE ENTIDAD CORPORATIVA |
| Nombre de entidad corporativa o nombre de jurisdicción como elemento de entrada |
Asociación Nacional de Hoteles y Restaurantes (ASONAHORES) |
| 9 (RLIN) |
82382 |
| 910 ## - DATOS DE OPCIÓN DEL USUARIO (OCLC) |
| Datos de opción del usuario |
YLockward |
| 942 ## - ELEMENTOS DE PUNTO DE ACCESO ADICIONAL (KOHA) |
| Fuente del sistema de clasificación o colocación |
Dewey Decimal Classification |
| Tipo de ítem Koha |
Libro |